Rozvoj marketingových aktivít vo vzťahu k formovaniu štrukturálnej a regionálnej politiky expertná štúdia

Guardado en:
Detalles Bibliográficos
Autor principal: Kita, Jaroslav
Autor Corporativo: Vysoká škola ekonomická v Bratislave. Obchodná fakulta
Otros Autores: Prachár, Juraj, Lipianska, Júlia, Novacká, Ľudmila, 1953-
Formato: Libro
Lenguaje:eslovaco
Publicado: Bratislava VŠE 1992
Etiquetas: Agregar Etiqueta
Sin Etiquetas, Sea el primero en etiquetar este registro!

MARC

LEADER 00000nam$a2200000$$$4500
001 0146993
005 20240502072644.8
041 0 |a slo 
044 |a SK 
245 1 0 |a Rozvoj marketingových aktivít vo vzťahu k formovaniu štrukturálnej a regionálnej politiky  |b expertná štúdia  |c vedúci riešiteľ Jaroslav Kita 
264 1 |a Bratislava  |b VŠE  |c 1992 
300 |a 42 s. 
100 1 |a Kita, Jaroslav 
700 1 |a Prachár, Juraj 
700 1 |a Lipianska, Júlia 
700 1 |a Novacká, Ľudmila, 1953- 
710 2 |a Vysoká škola ekonomická v Bratislave. Obchodná fakulta